Datum a čas kvízu
27
Celkem bodů
Celkový počet nahraných bodů na tomto kvízu bez doplňovacích otázek.
5.
Pořadí na kvízu
Konečné umístění týmu na tomto kvízu.
Zaznamenané odpovědi
| # | Otázka | Odpověď | Body | Výsledky |
|---|---|---|---|---|
| 1. | Úředníci pražského katastrální... | 1 | ||
| 2. | Extrémní sněhovou nadílku, kte... | 1 | ||
| 3. | Jistá značka vodky přišla tent... | 1 | ||
| 4. | Jak se jmenuje firma Elona Mus... | 1 | ||
| 5. | Minulý týden byla oznámena dal... | 1 | ||
| 6. | Ke které knize odkazuje tento... | 0 | ||
| 7. | Naše nejmenší CHKO má rozlohu... | 0 | ||
| 8. | Jak nazýváme vojensko-politick... | 0 | ||
| 9. | Zapátrejte v paměti a napište,... | 0 | ||
| 10. | Kterou lichotivou přezdívkou č... | 0 |